| 000 | 00876nam a2200289Ia 4500 | ||
|---|---|---|---|
| 001 | Z_1442 | ||
| 003 | CHAP | ||
| 008 | 220113s1993 xx 000 0 und d | ||
| 010 | _a164531 | ||
| 040 | _cCHAP | ||
| 090 | _aTesis M 801 | ||
| 100 |
_aMota Ramírez, Virginio _979065 |
||
| 245 |
_aDigestibilidad in vivo en ovinos utilizando diferentes niveles de saccharina en la dieta / _cpor Virginio Mota Ramírez |
||
| 260 |
_aChapingo, Méx. : _bEl autor, _c1993 |
||
| 300 | _a35 h. | ||
| 502 | _aTesis (Ing. Agr. Esp. en Zootecnia) -- UACH. Departamento de Zootecnia | ||
| 650 |
_aCaña de azúcar como forraje _918673 |
||
| 650 | 7 |
_aForrajes _xDigestibilidad _2 _942568 |
|
| 650 |
_aGanado lanar _xAlimentación _945153 |
||
| 650 |
_at: Saccharina _9138630 |
||
| 901 | _aTESIS M 801 | ||
| 902 | _aM | ||
| 910 | _a1993 | ||
| 942 | _c2 | ||
| 942 | _c2 | ||
| 999 |
_c164531 _d164531 |
||